00556nam a2200181Ia 4500082001200000100003100012245003700043260003200080300002100112650004400133650004500177650002400222650002100246650001800267650002700285650003500312710002700347 aTS.0181 aSrivastava, Surendra Kumar 0aVedic sahitya me varn vayavastha c1970bUniversity of Lucknow a323p. + C D - 56 aVEDIC CIVILIZATION//CIVILIZATION, HINDU aCIVILIZATION, VEDIC//CIVILIZATION, HINDU aCIVILIZATION, HINDU aVEDIC LITERATURE aCASTE - INDIA aSOCIAL CLASSES - INDIA aHINDUISM///CIVILIZATION, HINDU aThapliyal, Kiran Kumar